Logos des sponsors de Roland Garros 2025 - Statistiques

Statistiques générales
  • Ce quiz a été pris 631 fois
  • Le résultat moyen est 12 sur 16
Statistiques - réponses
Par images Hint Réponse % Correct
Mode Lacoste
99%
Boisson Perrier
99%
Téléphonie Orange
98%
Horlogerie Rolex
98%
Automobile Renault
97%
Alimentaire Magnum
96%
Finance MasterCard
95%
Banque BNP Paribas
94%
Energie Engie
92%
Compagnie aérienne Emirates
84%
Sport Wilson
69%
Hôtellerie Accor
68%
Publicité JCDecaux
54%
Café Lavazza
46%
Ameublement Hespéride
17%
Electroménager Haier
10%
Aucun quiz correspondant
Distribution des résultats
% des personnes avec chaque résultat
Percentile par nombre de réponses
Votre historique - résultats
Vous n’avez pas pris ce quiz